MDQL
is popping MORE tags! Check the
thread
!
Quizzes
Events
Quiz Creation
Community
Videos
Private Events
Remove Ads
Sign In
Join for FREE
Feedback
Dark Mode
Quiz Categories
Sports
Geography
Music
Movies
Television
Just For Fun
Miscellaneous
History
Literature
Language
Science
Gaming
Entertainment
Religion
Holiday
For Kids
Quiz Lab
Recent
Popular Today
Quiz Kudos Today
Editor Picks
Curator Picks
Quizzes by...
Day
Popularity
Type
Ratings
Length
Year
Community
Subscriptions
Recent Discussions
Orange Saloon
Badges
Playlists
Quests
Create
Leaderboards
Showdown
Live 5
Trivia Bingo
Activity
Puzzle Library
Sporcle Events
Private Events
Virtual Trivia
Globe League
Become a Host
Pub Owners
SporcleCon
Opinionation
Our Games
Videos
Blog
Mobile Apps
Partnerships
Remove Ads and Go Orange
Feedback
Just For Fun
Clickable
Get the Picture
Humor
Quick Pick
Word Ladder
Missing Word
Mixed Word
Blitz
Minefield
This or That
Alphabet
Color
Typing
Sporcle
Puzzle
Word Play
Follow That Line
Logic
Just For Fun
Clickable
Get the Picture
Humor
Quick Pick
Word Ladder
Missing Word
Mixed Word
Blitz
Minefield
This or That
Alphabet
Color
Typing
Sporcle
Puzzle
Word Play
Follow That Line
Logic
Random Quiz
Search Sporcle
×
Quiz Lab
Quiz Lab
Just For Fun
Backward
Type in answers that appear in a list
Type in answers that appear in a list
Classic
Best Score? Go Orange.
1-100 Backwards In Order Stats
Can you name the 1-100 backwards?
By
millard
60s
100 Questions
75 Plays
75 Plays
75 Plays
Comments
Comments
Give Quiz Kudos
Give Quiz Kudos
-
- Ratings
hide this ad
Forced Order
Answers have to be entered in order
Answers have to be entered in order
Replay
Link that replays current quiz
Next Quiz
Link to next quiz in quiz playlist
You Got
0%
They Got
Avg Score
73%
Avg Friend Score
Upgrade to see
Score Distribution
Jump to the score distribution portion of the page
Score
0/100
Timer
01:00
0
Plays Today
% Correct
99
98.7%
98
98.7%
97
98.7%
100
97.3%
96
97.3%
95
97.3%
94
97.3%
93
96%
92
96%
91
96%
90
94.7%
89
93.3%
88
92%
87
92%
86
90.7%
85
90.7%
84
90.7%
83
90.7%
82
90.7%
81
90.7%
80
90.7%
79
89.3%
78
88%
77
88%
76
88%
75
88%
74
88%
73
86.7%
72
86.7%
71
85.3%
70
85.3%
69
85.3%
68
85.3%
67
85.3%
% Correct
66
84%
65
84%
64
84%
63
84%
62
82.7%
61
82.7%
60
82.7%
59
82.7%
58
82.7%
57
82.7%
56
82.7%
55
81.3%
54
80%
53
78.7%
52
78.7%
51
78.7%
50
78.7%
49
77.3%
48
77.3%
47
76%
46
76%
45
76%
44
76%
43
74.7%
42
73.3%
41
73.3%
40
73.3%
39
72%
38
72%
37
72%
36
72%
35
70.7%
34
70.7%
33
70.7%
% Correct
32
70.7%
31
70.7%
30
70.7%
29
69.3%
28
69.3%
27
68%
26
68%
25
68%
24
68%
23
66.7%
22
65.3%
21
65.3%
20
62.7%
18
60%
19
60%
17
58.7%
13
54.7%
14
54.7%
15
54.7%
16
54.7%
12
52%
10
50.7%
11
50.7%
9
26.7%
7
24%
8
24%
5
22.7%
6
22.7%
4
21.3%
3
20%
1
18.7%
2
18.7%
Quiz Playlist
Details
Report
Send in Message
Add To Playlist
Classic:
Type in answers that appear in a list
Forced Order:
Answers have to be entered in order
Last Updated: Feb 16, 2017
Quiz Scoreboard
CHALLENGE
Sign Up to Join the Scoreboard
Show All
Scores
Hide
Comments
May contain spoilers
Recently Published
Holiday 10x10 Sorting Gallery
by lukepisani3
Holiday
15m
Two Season TV Shows II
by 123Four
Television
10m
Image Sorting: Flags VI
by Barbecue
Geography
2m
More to Explore
Quiz From the Vault
Featured Blog Post
14 Easter Pick-up Lines to Find Eggs With
hide this ad
You Might Also Like...
Tags
Backward
Order
Today's Top Quizzes in Just For Fun
Browse Just For Fun
hide this ad
Today's Top Quizzes in Backward
Browse Backward
Top Contributed Quizzes in Just For Fun
1
Name Just One - 10 to 1: Just For Fun
2
Missing Word: 2-Letter A-Z II
3
Avatar the Last Airbender: Logic Puzzle
4
Missing Letter Whitney Houston Songs
5
Missing Word: 'Of' Things A-Z
6
It's Magic / Witchcraft 🎩🪄🧙♀️
7
Eurovision 2024 Countries Logic Puzzle
8
Survivor Winners Logic Puzzle
9
Missing Word: 'Of' Things A-Z II
10
Killer Double Trees 224 - Colour Match-Up
Explore More
Trending Topics
Harry Potter
Anime
Disney
Crossword
NBA
Kpop
Marvel
Song
Pokémon
WWE
NFL
The Office
Soccer
Country
Puzzle
hide this ad
More By:
millard
Quiz
Plays
Rating
Category
Featured
Created
1-100 Backwards In Order
75
2.00
Just For Fun
Mar 19, 2012
Go to Creator's Profile
Score Distribution
Quiz Creator Spotlight
millard
Follow
Send a Message
Quizzes Created
-
Created Quiz Play Count
-
More By This Creator
Popular Quizzes Today
1
Find the US States - No Outlines Minefield
2
Colored Red Africa Blitz
3
Find the 'City' Movie
4
The Countries of the World
5
5x2 Blitz: Bands
6
Find the Countries of Europe - No Outlines Minefield
7
Find the US States
8
US States
More Just For Fun Quizzes
Rock-Paper-Scissors Multiple Choice
Published
Trending Quizzes
Colored Red Europe Blitz I
Colored Red Africa Blitz II
Colored Red Europe Blitz II
Even More Two Season TV Shows
Colored Red Africa Blitz III
Recently Updated
Quick Pick: 20 Twenties
pecheneg
March Madness Men's Triple Doubles
pecheneg
How Do You Spell That?
pecheneg
Godzilla Movies
pecheneg
Grab Bag: 4-10 Letters
pecheneg
2024 March Madness Bracket
pecheneg
Famous TV Couples
Peacemaker
Champions League XIs: Real Madrid
pecheneg
Largest US Cities 1790-2010
pecheneg
Rides in Walt Disney World
pecheneg
Trending Topics
Disney
Crossword
Harry Potter
Kpop
Marvel
Anime
NBA
NFL
The Office
WWE
Puzzle
Song
Soccer
Pokémon
Country
Your Account Isn't Verified!
In order to create a playlist on Sporcle, you need to verify the email address you used during registration. Go to your
Sporcle Settings
to finish the process.
Report this User
Report this user for behavior that violates our
Community Guidelines
.
Details:
Send Report
Go to the Sporcle.com Mobile Site →
Comments